000 00591nam a2200229Ia 4500
003 OSt
005 20220918180018.0
006 a|||||r|||| 00| 0
007 ta
008 220917b |||||||| |||| 00| 0 eng d
024 _a20,283
037 _cTextual
040 _aARTS
_cARTS
_beng
041 _2eng
_aeng
082 _aO:1:9L8, H9-;2
100 _aLeavis F R
245 0 _aRevalution
_b tradition and development in English poetry
260 _c1949
650 _aENGLISH LITERATURE
942 _hO:1:9L8, H9-;2
_cTEXL
_2CC
999 _c160017
_d160017